| 000 | 00405nam a2200181Ia 4500 | ||
|---|---|---|---|
| 001 | 9227 | ||
| 005 | 20260306160708.0 | ||
| 008 | 260306t2003||||xx |||||||||||||| ||spa|| | ||
| 041 | _aESP | ||
| 082 |
_a378 _bC78 2003 |
||
| 100 |
_aCornejo RamÃrez, Enrique _eAUT |
||
| 245 | 0 | _aComercio internacional | |
| 260 | _c2003 | ||
| 300 |
_a _c |
||
| 650 | _aGEN | ||
| 654 | _aCED | ||
| 942 |
_cLIB _dJUS _fJUS _2ddc _n |
||
| 999 |
_c9227 _d9227 |
||